Buddha at the apocalypse : (Record no. 104260)
[ view plain ]
| 000 -LEADER | |
|---|---|
| fixed length control field | 00762cam a2200229 a 4500 |
| 001 - CONTROL NUMBER | |
| control field | 16096542 |
| 005 - DATE AND TIME OF LATEST TRANSACTION | |
| control field | 20180410105056.0 |
| 008 - FIXED-LENGTH DATA ELEMENTS--GENERAL INFORMATION | |
| fixed length control field | 100218s2010 mau b 001 0 eng |
| 020 ## - INTERNATIONAL STANDARD BOOK NUMBER | |
| International Standard Book Number | 0861715829 (pbk. : alk. paper) |
| 020 ## - INTERNATIONAL STANDARD BOOK NUMBER | |
| International Standard Book Number | 9780861715824 (pbk. : alk. paper) |
| 040 ## - CATALOGING SOURCE | |
| Transcribing agency | PK-LaUMT |
| 082 00 - DEWEY DECIMAL CLASSIFICATION NUMBER | |
| Classification number | 294.3423 |
| Edition number | 22 |
| Item number | SPE-B |
| 100 1# - MAIN ENTRY--PERSONAL NAME | |
| Personal name | Spellmeyer, Kurt |
| 245 10 - TITLE STATEMENT | |
| Title | Buddha at the apocalypse : |
| Remainder of title | awakening from a culture of destruction / |
| Statement of responsibility, etc | Kurt Spellmeyer ; foreword by Robert A.F. Thurman |
| 260 ## - PUBLICATION, DISTRIBUTION, ETC. (IMPRINT) | |
| Place of publication, distribution, etc | Boston : |
| Name of publisher, distributor, etc | Wisdom Publications, |
| Date of publication, distribution, etc | 2010 |
| 300 ## - PHYSICAL DESCRIPTION | |
| Extent | xiii, 175 p. ; |
| Dimensions | 23 cm. |
| 650 #0 - SUBJECT ADDED ENTRY--TOPICAL TERM | |
| Topical term or geographic name as entry element | Time |
| General subdivision | Religious aspects |
| -- | Buddhism. |
| 650 #0 - SUBJECT ADDED ENTRY--TOPICAL TERM | |
| Topical term or geographic name as entry element | Buddhism |
| General subdivision | Doctrines. |
| 650 #0 - SUBJECT ADDED ENTRY--TOPICAL TERM | |
| Topical term or geographic name as entry element | Time |
| General subdivision | Philosophy. |
| 650 #0 - SUBJECT ADDED ENTRY--TOPICAL TERM | |
| Topical term or geographic name as entry element | Philosophy, Comparative. |
| 942 ## - ADDED ENTRY ELEMENTS (KOHA) | |
| Koha item type | Books |
| Withdrawn status | Lost status | Damaged status | Home library | Current library | Date acquired | Full call number | Barcode | Date last seen | Price effective from | Koha item type |
|---|---|---|---|---|---|---|---|---|---|---|
| UMT Main Campus | UMT Main Campus | 2018-04-10 | 294.3423 SPE-B | 120221 | 2018-04-10 | 2018-04-10 | Books |
